[Event "Mar de Ajo op 5th"]
[Site "Mar de Ajo"]
[Date "2023.11.10"]
[Round "2"]
[White "Curia, Santiago Jose"]
[Black "Rodriguez Vila, Andres"]
[Result "0-1"]
[WhiteElo "1995"]
[BlackElo "2405"]
[PlyCount "46"]
[EventDate "2023.11.10"]
[EventType "swiss"]
[EventRounds "6"]
[EventCountry "ARG"]
[SourceTitle "CB46_2023"]
[SourceDate "2023.11.15"]
[SourceVersion "1"]
[SourceVersionDate "2023.11.15"]
[SourceQuality "1"]

1. e4 e5 2. Nf3 Nc6 3. Nc3 g6 4. d4 exd4 5. Nxd4 Bg7 6. Nxc6 bxc6 7. Bc4 Ne7 8. 0-0 0-0 9. h4 Bb7 10. Qf3 h6 11. Bf4 Kh7 12. Qg3 d6 13. Rad1 a5 14. Rfe1 a4 15. a3 Ra5 16. Qf3 Qb8 17. Qe2 Bc8 18. Rb1 f5 19. Bd2 f4 20. g3 f3 21. Qe3 Bh3 22. Bd3 Qc8 23. Ne2 Bg2 0-1

[Event "Montevideo zt 2.5"]
[Site "Montevideo"]
[Date "2019.04.16"]
[Round "5"]
[White "Carbone, Diego"]
[Black "Curia, Santiago Jose"]
[Result "1-0"]
[WhiteElo "2277"]
[BlackElo "1989"]
[PlyCount "77"]
[EventDate "2019.04.13"]
[EventType "swiss"]
[EventRounds "9"]
[EventCountry "URU"]
[SourceTitle "CBM 189 Extra"]
[Source "ChessBase"]
[SourceDate "2019.06.03"]
[SourceVersion "1"]
[SourceVersionDate "2019.06.03"]
[SourceQuality "1"]

1. d4 d5 2. c4 e6 3. Nf3 a6 4. g3 dxc4 5. Bg2 b5 6. Ne5 Ra7 7. a4 Bb7 8. e4 c6 9. Be3 Ra8 10. 0-0 Nd7 11. f4 h5 12. Nc3 Bb4 13. d5 Nxe5 14. fxe5 Bxc3 15. bxc3 cxd5 16. exd5 exd5 17. Qf3 Qc7 18. Bd4 Qe7 19. axb5 axb5 20. Rxa8+ Bxa8 21. Ra1 Bb7 22. Ra7 Qd7 23. e6 fxe6 24. Qf4 Qc8 25. Bxg7 Rh7 26. Qf8+ Kd7 27. Rxb7+ Qxb7 28. Qxg8 Qa7+ 29. Kf1 Qa1+ 30. Kf2 Rxg7 31. Qxg7+ Kd6 32. Qd4 Qb2+ 33. Kf3 e5 34. Qb6+ Kd7 35. Bh3+ Ke8 36. Qe6+ Kf8 37. Qf6+ Kg8 38. Qg6+ Kf8 39. Qd6+ 1-0

[Event "Montevideo zt 2.5"]
[Site "Montevideo"]
[Date "2019.04.16"]
[Round "6"]
[White "Curia, Santiago Jose"]
[Black "Curi, Gabriel"]
[Result "1/2-1/2"]
[WhiteElo "1989"]
[BlackElo "2202"]
[PlyCount "52"]
[EventDate "2019.04.13"]
[EventType "swiss"]
[EventRounds "9"]
[EventCountry "URU"]
[SourceTitle "CBM 189 Extra"]
[Source "ChessBase"]
[SourceDate "2019.06.03"]
[SourceVersion "1"]
[SourceVersionDate "2019.06.03"]
[SourceQuality "1"]

1. e4 e6 2. d3 d5 3. Nd2 Nf6 4. Ngf3 Nc6 5. g3 dxe4 6. dxe4 e5 7. Bg2 Bc5 8. 0-0 0-0 9. h3 a5 10. a4 b6 11. Re1 Ba6 12. Bf1 Bxf1 13. Kxf1 Qd7 14. Kg2 Rad8 15. c3 Qd3 16. Qb3 Rfe8 17. Qb5 Qd7 18. Nb3 Bf8 19. Bg5 Qe6 20. Nbd2 h6 21. Bxf6 Qxf6 22. Nc4 Bc5 23. Rad1 Qe6 24. Ne3 Bxe3 25. Rxd8 Rxd8 26. Rxe3 Rd6 1/2-1/2

[Event "Montevideo zt 2.5"]
[Site "Montevideo"]
[Date "2019.04.14"]
[Round "2"]
[White "Curia, Santiago Jose"]
[Black "Manteiga, Franco"]
[Result "1-0"]
[WhiteElo "1989"]
[BlackElo "1684"]
[PlyCount "63"]
[EventDate "2019.04.13"]
[EventType "swiss"]
[EventRounds "9"]
[EventCountry "URU"]
[SourceTitle "CBM 189 Extra"]
[Source "ChessBase"]
[SourceDate "2019.06.03"]
[SourceVersion "1"]
[SourceVersionDate "2019.06.03"]
[SourceQuality "1"]

1. e4 c5 2. c3 Nf6 3. e5 Nd5 4. Bc4 Nb6 5. Bb3 Nc6 6. d4 cxd4 7. cxd4 d5 8. Nc3 e6 9. Nf3 Be7 10. Bc2 Bd7 11. a3 a6 12. 0-0 Rc8 13. Re1 Na5 14. Qd3 Qc7 15. Nd2 Nac4 16. Nxc4 Nxc4 17. Qg3 g6 18. Bd3 Nxa3 19. Nxd5 exd5 20. bxa3 Qc3 21. Bh6 Bxa3 22. Rad1 b5 23. Re3 Bc1 24. e6 Bxe3 25. exd7+ Kxd7 26. fxe3 Rhe8 27. Qf3 Qb3 28. Qxf7+ Re7 29. Qf1 Rc3 30. Bg5 Re6 31. Qf7+ Kd6 32. Bf4+ 1-0

[Event "Montevideo zt 2.5"]
[Site "Montevideo"]
[Date "2019.04.14"]
[Round "3"]
[White "Kropff, Ricardo"]
[Black "Curia, Santiago Jose"]
[Result "1/2-1/2"]
[WhiteElo "2220"]
[BlackElo "1989"]
[PlyCount "120"]
[EventDate "2019.04.13"]
[EventType "swiss"]
[EventRounds "9"]
[EventCountry "URU"]
[SourceTitle "CBM 189 Extra"]
[Source "ChessBase"]
[SourceDate "2019.06.03"]
[SourceVersion "1"]
[SourceVersionDate "2019.06.03"]
[SourceQuality "1"]

1. e4 c5 2. Nf3 Nc6 3. Bb5 Nf6 4. Bxc6 dxc6 5. d3 Bg4 6. Nbd2 g6 7. h3 Bxf3 8. Nxf3 Bg7 9. 0-0 0-0 10. Re1 Ne8 11. e5 Nc7 12. Be3 Ne6 13. Qd2 Re8 14. Bh6 Bh8 15. Re4 Qd5 16. b3 f5 17. exf6 exf6 18. Rae1 Qd7 19. Qe2 Kf7 20. Bd2 Nd4 21. Nxd4 cxd4 22. Bb4 Rxe4 23. Qxe4 Re8 24. Qxe8+ Qxe8 25. Rxe8 Kxe8 26. Bc5 f5 27. Bxa7 Kd7 28. Bb8 Ke6 29. f3 Kd5 30. g4 Bf6 31. Kg2 Bg5 32. Kg3 Ke6 33. h4 Bd2 34. h5 Be1+ 35. Kh3 gxh5 36. gxh5 Kf6 37. Bf4 Bb4 38. Kg2 Bc3 39. Kf2 Bb4 40. Ke2 Bc3 41. a3 Bb2 42. a4 Bc3 43. Kd1 Bb2 44. Kd2 Ke6 45. Bg5 Ke5 46. f4+ Kd5 47. Bf6 Bc3+ 48. Kc1 Ke6 49. Be5 Kd5 50. Kb1 Kc5 51. Bc7 Kd5 52. Ka2 Kc5 53. Bb8 Bd2 54. Be5 Bc3 55. Bc7 Bd2 56. Kb2 Bc3+ 57. Kc1 Kd5 58. Bb6 Ke6 59. Bc5 Kd5 60. Bf8 Ke6 1/2-1/2

[Event "ARG-ch sf 94th"]
[Site "Buenos Aires"]
[Date "2019.03.31"]
[Round "2"]
[White "Curia, Santiago Jose"]
[Black "Falcon, Benjamin"]
[Result "1/2-1/2"]
[WhiteElo "1989"]
[BlackElo "2331"]
[PlyCount "138"]
[EventDate "2019.03.30"]
[EventType "swiss"]
[EventRounds "9"]
[EventCountry "ARG"]
[SourceTitle "CBM 189 Extra"]
[Source "ChessBase"]
[SourceDate "2019.06.03"]
[SourceVersion "1"]
[SourceVersionDate "2019.06.03"]
[SourceQuality "1"]

1. e4 c5 2. c3 Nf6 3. e5 Nd5 4. Nf3 Nc6 5. Bc4 Nb6 6. Bb3 d6 7. exd6 c4 8. Bc2 Qxd6 9. 0-0 Bg4 10. h3 Bh5 11. Qe2 Qf6 12. Be4 0-0-0 13. Na3 Ne5 14. Bxb7+ Kxb7 15. Qxe5 Bxf3 16. Qxf6 gxf6 17. gxf3 Rg8+ 18. Kh1 Rd3 19. Rg1 Rxg1+ 20. Kxg1 Rxf3 21. Kg2 Rd3 22. Nc2 Nd5 23. Ne3 Nf4+ 24. Kh2 e6 25. h4 Bc5 26. b4 Bxe3 27. fxe3 Ne2 28. a4 Kc6 29. Kg2 Nxc1 30. Rxc1 Rxd2+ 31. Kf3 Rd3 32. Rg1 Rxc3 33. Rg7 Rd3 34. Rxf7 c3 35. Rf8 Kc7 36. Rf7+ Kb6 37. Rf8 Rd6 38. b5 Ka5 39. Rc8 Kxa4 40. Rxc3 Kxb5 41. Rc7 a5 42. Rxh7 a4 43. Rb7+ Kc4 44. Ra7 Kb3 45. h5 Rd2 46. Rb7+ Kc3 47. Ra7 Kb3 48. Rb7+ Ka2 49. Kg3 Re2 50. Kf3 Rh2 51. Rb6 Rxh5 52. Rxe6 f5 53. Rb6 Rh2 54. Rb5 a3 55. Rxf5 Kb1 56. e4 a2 57. Ra5 a1Q 58. Rxa1+ Kxa1 59. e5 Kb2 60. Ke4 Kc3 61. Kd5 Rd2+ 62. Kc5 Re2 63. Kd6 Rd2+ 64. Kc5 Re2 65. Kd6 Kd4 66. e6 Ke4 67. e7 Kf5 68. Kd7 Rd2+ 69. Kc7 Re2 1/2-1/2

[Event "Buenos Aires Szmetan Giardelli op"]
[Site "Buenos Aires"]
[Date "2018.12.10"]
[Round "7"]
[White "Kapitanchuk, Tomas"]
[Black "Curia, Santiago Jose"]
[Result "1-0"]
[WhiteElo "2245"]
[BlackElo "2041"]
[PlyCount "67"]
[EventDate "2018.12.04"]
[EventType "swiss"]
[EventRounds "9"]
[EventCountry "ARG"]
[SourceTitle "CBM 187 Extra"]
[Source "ChessBase"]
[SourceDate "2018.11.04"]
[SourceVersion "1"]
[SourceVersionDate "2018.11.04"]
[SourceQuality "1"]

1. e4 e5 2. Nf3 Nf6 3. Nxe5 d6 4. Nf3 Nxe4 5. Nc3 Nxc3 6. dxc3 Be7 7. Be3 0-0 8. Qd2 c6 9. 0-0-0 Qa5 10. a3 Nd7 11. h4 Ne5 12. Nd4 c5 13. Nb3 Qa4 14. Bg5 f6 15. Qd5+ Kh8 16. Be3 Qc6 17. Qxc6 bxc6 18. Be2 Ng4 19. Bxg4 Bxg4 20. f3 Be6 21. Na5 d5 22. Nxc6 Bd6 23. Na5 Rab8 24. Nc4 Bg3 25. Nd2 Rfc8 26. c4 dxc4 27. Ne4 Be5 28. c3 Rb5 29. g4 Kg8 30. f4 Bb8 31. f5 Bxf5 32. gxf5 Re8 33. Bxc5 Rxe4 34. Rd8+ 1-0

[Event "ARG-ch sf 92nd"]
[Site "Buenos Aires"]
[Date "2017.07.11"]
[Round "2"]
[White "Curia, Santiago Jose"]
[Black "Beroiz, Julian"]
[Result "1/2-1/2"]
[WhiteElo "1857"]
[BlackElo "2096"]
[PlyCount "65"]
[EventDate "2017.07.10"]
[EventType "swiss"]
[EventRounds "9"]
[EventCountry "ARG"]
[SourceTitle "EXT 2018"]
[Source "ChessBase"]
[SourceDate "2017.10.13"]
[SourceVersion "1"]
[SourceVersionDate "2017.10.13"]
[SourceQuality "1"]

1. e4 e5 2. Nf3 Nc6 3. Bc4 Nf6 4. Ng5 d5 5. exd5 Nd4 6. Nc3 h6 7. Nge4 Nxe4 8. Nxe4 Qh4 9. Ng3 Bg4 10. f3 Nf5 11. Qe2 0-0-0 12. Qf2 Nxg3 13. Qxg3 Qxg3+ 14. hxg3 Bf5 15. d3 Bc5 16. Bd2 Bg6 17. 0-0-0 f6 18. Bb3 Bf7 19. c4 Bg6 20. Bc3 Bf2 21. Be1 Be3+ 22. Bd2 Bb6 23. Bb4 a5 24. Bc3 c6 25. d4 cxd5 26. cxd5 e4 27. Rhe1 Rhe8 28. g4 Bc7 29. Bc2 Rxd5 30. fxe4 Rg5 31. e5 fxe5 32. dxe5 Bxc2 33. Kxc2 1/2-1/2

[Event "ARG-ch U18 sf"]
[Site "Buenos Aires"]
[Date "2015.04.04"]
[Round "5.5"]
[White "Curia, Santiago Jose"]
[Black "Lucero, Gabriel Nicolas"]
[Result "0-1"]
[WhiteElo "1889"]
[BlackElo "1686"]
[PlyCount "86"]
[EventDate "2015.04.02"]
[EventType "swiss"]
[EventRounds "8"]
[EventCountry "ARG"]
[SourceTitle "EXT 2024"]
[Source "ChessBase"]
[SourceDate "2023.10.10"]
[SourceVersion "1"]
[SourceVersionDate "2023.10.10"]
[SourceQuality "1"]

1. e4 c5 2. Nf3 e6 3. d4 cxd4 4. Nxd4 Nf6 5. Bd3 Nc6 6. Be3 Ne5 7. h3 d5 8. Nd2 Nxd3+ 9. cxd3 e5 10. Ne2 d4 11. Bg5 Be6 12. Bxf6 gxf6 13. Qa4+ Qd7 14. Qxd7+ Kxd7 15. f4 Kd8 16. Kf2 Bh6 17. Kf3 Rc8 18. Rhc1 Ke7 19. Nb3 b6 20. Rxc8 Rxc8 21. Rc1 Kd8 22. g4 Bf8 23. g5 Rxc1 24. Nbxc1 fxg5 25. fxe5 Bxh3 26. Nxd4 Kd7 27. Nce2 Bg7 28. Nb5 Bxe5 29. Nxa7 Bxb2 30. d4 Bf1 31. Nb5 g4+ 32. Kf2 Bxe2 33. Kxe2 h5 34. Kf2 h4 35. Kg2 Ke6 36. Nc7+ Kf6 37. Nd5+ Kg5 38. Nxb6 Bxd4 39. Nd5 h3+ 40. Kg3 Be5+ 41. Kf2 g3+ 42. Kg1 Bd4+ 43. Kh1 g2+ 0-1